000 00569nam a2200169 a 4500
008 120416s1968 ||||||||||||||||| || u
050 _aKG 36 Fam
100 _aAnderson, J. N. D
245 1 0 _aFamily law in Asia and Africa
_cedited by J. N. D. Anderson
260 _aLondon
_bUnwin
_c1968
300 _a301p.
350 _a0.00
650 _aFAMILY LAW--AFRICA
650 _aLAW
650 _aFAMILY LAW--ASIA
995 _D0.00
_FCBU-MAIN LIBRARY (Kitwe)
_H1
_I3.00
_M1
_UAVAILABLE
_ZAnnex Low-Usage Collection
999 _c43135
_d43135